[Event "TUR-ch U13-U18"]
[Site "Antalya"]
[Date "2020.01.23"]
[Round "8"]
[White "Yanik, Omer Yigit"]
[Black "Erturk, Baris"]
[Result "0-1"]
[WhiteElo "1132"]
[BlackElo "1613"]
[PlyCount "128"]
[EventDate "2020.01.19"]
[EventType "swiss"]
[EventRounds "11"]
[EventCountry "TUR"]
[SourceTitle "CBM 195 Extra"]
[Source "ChessBase"]
[SourceDate "2020.05.31"]
[SourceVersion "1"]
[SourceVersionDate "2020.05.31"]
[SourceQuality "1"]

1. d4 Nf6 2. c4 d6 3. Nc3 g6 4. e4 Bg7 5. Nf3 Bg4 6. h3 Bxf3 7. Qxf3 c6 8. Be3 Nbd7 9. Bd3 e5 10. d5 0-0 11. h4 cxd5 12. exd5 h5 13. Bg5 Qa5 14. Bd2 Qb6 15. Rb1 Nc5 16. 0-0 Nxd3 17. Qxd3 a6 18. b4 Qc7 19. Bg5 Rac8 20. Qf3 Qxc4 21. Bxf6 Qxc3 22. Qxc3 Rxc3 23. Be7 Re8 24. Bxd6 Rd8 25. Bc5 Rxd5 26. Rfd1 Rcd3 27. Rxd3 Rxd3 28. Rc1 b5 29. Ra1 Ra3 30. Kf1 Bf8 31. Rd1 Bxc5 32. bxc5 Rxa2 33. Rc1 Rd2 34. c6 Rd8 35. Ra1 Ra8 36. c7 Rc8 37. Rxa6 Rxc7 38. Rb6 Rc1+ 39. Ke2 Rb1 40. Ke3 Rb4 41. g3 Kg7 42. Kd3 Rd4+ 43. Ke3 Rb4 44. Kd3 Rb2 45. f3 Rg2 46. Rxb5 Rxg3 47. Ke4 Rh3 48. Rxe5 Rxh4+ 49. Ke3 Rh2 50. f4 f6 51. Re7+ Kf8 52. Ra7 g5 53. f5 g4 54. Kf4 Rf2+ 55. Ke4 g3 56. Ra8+ Kg7 57. Ra7+ Kh6 58. Rf7 Kg5 59. Rg7+ Kh4 60. Ke3 Rxf5 61. Ke2 Rg5 62. Kf3 Rxg7 63. Kg2 Ra7 64. Kg1 Kh3 0-1